Zahraničná politika Japonska po 2. svetovej vojne diplomová práca

Salvato in:
Dettagli Bibliografici
Autore principale: Smatanová, Lucia
Ente Autore: Fakulta medzinárodných vzťahov EU. Katedra medzinárodných politických vzťahov
Altri autori: Adašková, Daša
Natura: Libro
Lingua:slovacco
Pubblicazione: Bratislava 2013
Tags: Aggiungi Tag
Nessun Tag, puoi essere il primo ad aggiungerne!!

MARC

LEADER 00000nbm a2200000 4500
001 0170613
005 20161109102358.3
041 0 |a slo 
044 |a SK 
245 1 0 |a Zahraničná politika Japonska po 2. svetovej vojne  |b diplomová práca  |c Lucia Smatanová ; školiteľ: Daša Adašková 
264 1 |a Bratislava  |c 2013 
300 |a 59 s. 
100 1 |a Smatanová, Lucia 
700 1 |a Adašková, Daša 
710 2 |a Fakulta medzinárodných vzťahov EU. Katedra medzinárodných politických vzťahov